Central Library OPAC University of Rajshahi

নাথ ধর্ম ও সাহিত্য / (Record no. 38321)

MARC details
000 -LEADER
fixed length control field 00709nam a22001937a 4500
001 - CONTROL NUMBER
control field 38321
003 - CONTROL NUMBER IDENTIFIER
rucl marc code BD-RjUL
005 - DATE AND TIME OF LATEST TRANSACTION
control field 20211209052754.0
008 - FIXED-LENGTH DATA ELEMENTS--GENERAL INFORMATION
fixed length control field 151104s1955 ii ||||| |||| 00| 0 ben d
035 ## - SYSTEM CONTROL NUMBER
System control number (BD-RjUL)38426
040 ## - CATALOGING SOURCE
Original cataloging agency BD-RjUL
Language of cataloging ben
Transcribing agency BD-RjUL
041 ## - LANGUAGE CODE
Language code of text/sound track or separate title ben
082 ## - DEWEY DECIMAL CLASSIFICATION NUMBER
Classification number 294.5
Author mark and year CHN 1955
245 ## - TITLE STATEMENT
Title নাথ ধর্ম ও সাহিত্য /
Statement of responsibility, etc. প্রফুল্লচরণ চক্রবর্তী
260 ## - PUBLICATION, DISTRIBUTION, ETC. (IMPRINT)
Place of publication, distribution, etc. আলিপুরদুয়ার, জলপাইগুড়ি :
Name of publisher, distributor, etc. প্রফুল্লচরণ চক্রবর্তী
Date of publication, distribution, etc. ১৯৫৫
300 ## - PHYSICAL DESCRIPTION
Pagination ১৪৫ পৃ. ;
Size ২১ সেমি.
650 ## - SUBJECT ADDED ENTRY--TOPICAL TERM
Topical term or geographic name as entry element Hinduism
9 (RLIN) 118440
942 ## - ADDED ENTRY ELEMENTS (KOHA)
Source of classification or shelving scheme Dewey Decimal Classification
Koha item type Books
Holdings
Lost status Source of classification or shelving scheme Damaged status Not for loan Permanent Location Current Location Shelving location Date acquired Total Checkouts Full call number Date last seen Date checked out Copy number Koha item type
  Dewey Decimal Classification     Central Library, University of Rajshahi Central Library, University of Rajshahi   04/11/2015 3 294.5 CHN 1955 23/01/2024 13/12/2023 C-2 Books